El aprendizaje por Proyectos en Educación Infantil y Primaria.

Guardat en:
Dades bibliogràfiques
Autor principal: Chard, Sylvia (autora)
Altres autors: Kogan, Yvonne (autora), Castillo, Carmen (autora)
Format: Desconegut
Idioma:anglès
Publicat: Madrid, España: Morata, 2019.
Matèries:
Etiquetes: Afegir etiqueta
Sense etiquetes, Sigues el primer a etiquetar aquest registre!

MARC

LEADER 00000 a2200000 4500
003 CL-VaPUC
005 20230913173853.0
008 230904t2019 ||||| |||| 00| 0 eng d
999 |c 441640  |d 441638 
020 |a 978-84-7112-914-7 
040 |c Pontificia Universidad Católica de Valparaíso 
082 |2 22  |a 371.36 CHA 2019 
100 |a Chard, Sylvia   |9 884301  |e autora 
245 |a El aprendizaje por Proyectos en Educación Infantil y Primaria. 
260 |a Madrid, España:   |b Morata,  |c 2019. 
300 |a 111 páginas. 
583 |k GC  |c 20230904 
650 0 |9 661867  |a Proyectos educativos   |v Descripciones e ilustraciones  |x Actividades académicas   |x Niños y niñas  
650 0 |9 259340  |a Método de proyectos  |x Aprendizaje  |x Educación parvularia  |x Educación básica  
700 |9 884491  |a Kogan, Yvonne   |e autora 
700 |9 441404  |a Castillo, Carmen  |e autora 
942 |2 ddc  |c BK 
952 |0 0  |1 0  |2 ddc  |4 0  |6 371_360000000000000_CHA_2019  |7 0  |8 A  |9 591424  |a BIBEDU  |b BIBEDU  |c GEN  |d 2023-09-04  |e 13  |g 22199.00  |i 5658553  |l 1  |o 371.36 CHA 2019  |p 5658553  |r 2023-09-27  |s 2023-09-20  |t 1  |v 22199.00  |w 2023-09-04  |y BK  |k PAR